| 000 | 00986nam a22002897a 4500 | ||
|---|---|---|---|
| 001 | 200461101 | ||
| 003 | TR-AnTOB | ||
| 005 | 20240614090826.0 | ||
| 008 | 240614b tu ||||| |||| 00| 0 tur d | ||
| 020 | _a9786052959923 | ||
| 040 |
_aTR-AnTOB _beng _erda _cTR-AnTOB |
||
| 041 |
_atur _beng |
||
| 092 |
_a372.412 _bRİC 2022 |
||
| 100 | 1 |
_aRichards, Caroline _eauthor. _9142826 |
|
| 245 |
_aSevginin gücü / _cCaroline Richards ; çeviren : Ülker Yıldırımcan ; Resimleyen : Louise Anglicas ; Editör : Elif Dinçer |
||
| 250 | _a17.bs. | ||
| 260 |
_aİstanbul : _bTürkiye İş Bankası Kültür ; _c2023. |
||
| 300 |
_a24 Pages. : _bill. ; _c25 cm. |
||
| 336 |
_atext _btxt _2rdacontent |
||
| 337 |
_aunmediated _bn _2rdamedia |
||
| 338 |
_avolume _bnc _2rdacarrier |
||
| 490 |
_aTürkiye İş Bankası Kültür Yayınları ; _v4639. |
||
| 500 | _a Eserin orjinal adı : The Power Of Love | ||
| 942 |
_2ddc _cBK |
||
| 999 |
_c200461101 _d79313 |
||